The tempest / (Record no. 13988)
[ view plain ]
| 000 -LEADER | |
|---|---|
| fixed length control field | 01175cam a2200337 a 4500 |
| 001 - CONTROL NUMBER | |
| control field | 5085771 |
| 003 - CONTROL NUMBER IDENTIFIER | |
| control field | OSt |
| 005 - DATE AND TIME OF LATEST TRANSACTION | |
| control field | 20140310182518.0 |
| 008 - FIXED-LENGTH DATA ELEMENTS--GENERAL INFORMATION | |
| fixed length control field | 030820s2004 nyua g b 000 0 eng |
| 010 ## - LIBRARY OF CONGRESS CONTROL NUMBER | |
| LC control number | 2003060936 |
| 020 ## - INTERNATIONAL STANDARD BOOK NUMBER | |
| International Standard Book Number | 9780743482837 |
| 035 ## - SYSTEM CONTROL NUMBER | |
| System control number | (OCoLC)53001209 |
| 040 ## - CATALOGING SOURCE | |
| Original cataloging agency | DLC |
| Language of cataloging | eng |
| Transcribing agency | DLC |
| Modifying agency | CaOTSM |
| 050 00 - LIBRARY OF CONGRESS CALL NUMBER | |
| Classification number | PR 2833 |
| Item number | .Sh527 1994 |
| 100 1# - MAIN ENTRY--PERSONAL NAME | |
| Personal name | Shakespeare, William |
| Dates associated with a name | 1564-1616. |
| 9 (RLIN) | 9253 |
| 245 14 - TITLE STATEMENT | |
| Title | The tempest / |
| Statement of responsibility, etc | William Shakespeare ; edited by Barbara A. Mowat and Paul Werstine. |
| 260 ## - PUBLICATION, DISTRIBUTION, ETC. (IMPRINT) | |
| Place of publication, distribution, etc | New York : |
| Name of publisher, distributor, etc | Washington Square Press, |
| Date of publication, distribution, etc | c1994. |
| 300 ## - PHYSICAL DESCRIPTION | |
| Extent | 355 p. ; |
| Other physical details | ill. ; |
| Dimensions | 22 cm. |
| 440 #2 - SERIES STATEMENT/ADDED ENTRY--TITLE | |
| Title | A Norton critical edition. |
| 9 (RLIN) | 9254 |
| 504 ## - BIBLIOGRAPHY, ETC. NOTE | |
| Bibliography, etc | Includes bibliographical references (p. 351-355). |
| 600 10 - SUBJECT ADDED ENTRY--PERSONAL NAME | |
| Personal name | Shakespeare, William, |
| Dates associated with a name | 1564-1616. |
| Title of a work | Tempest. |
| 9 (RLIN) | 9255 |
| 650 #0 - SUBJECT ADDED ENTRY--TOPICAL TERM | |
| Topical term or geographic name as entry element | Survival after airplane accidents, shipwrecks, etc |
| Form subdivision | Drama. |
| 9 (RLIN) | 9256 |
| 650 #0 - SUBJECT ADDED ENTRY--TOPICAL TERM | |
| Topical term or geographic name as entry element | Fathers and daughters |
| Form subdivision | Drama. |
| 9 (RLIN) | 9257 |
| 650 #0 - SUBJECT ADDED ENTRY--TOPICAL TERM | |
| Topical term or geographic name as entry element | Castaways |
| Form subdivision | Drama. |
| 9 (RLIN) | 9258 |
| 650 #0 - SUBJECT ADDED ENTRY--TOPICAL TERM | |
| Topical term or geographic name as entry element | Magicians |
| Form subdivision | Drama. |
| 9 (RLIN) | 9259 |
| 650 #0 - SUBJECT ADDED ENTRY--TOPICAL TERM | |
| Topical term or geographic name as entry element | Islands |
| Form subdivision | Drama. |
| 9 (RLIN) | 9260 |
| 700 1# - ADDED ENTRY--PERSONAL NAME | |
| Personal name | Hulme, Peter. |
| 9 (RLIN) | 9261 |
| 700 1# - ADDED ENTRY--PERSONAL NAME | |
| Personal name | Sherman, William H. |
| Fuller form of name | (William Howard). |
| 9 (RLIN) | 9262 |
| 942 ## - ADDED ENTRY ELEMENTS (KOHA) | |
| Source of classification or shelving scheme | Library of Congress Classification |
| Koha item type | |
| Withdrawn status | Lost status | Source of classification or shelving scheme | Damaged status | Home library | Current library | Shelving location | Date acquired | Total Checkouts | Full call number | Barcode | Date last seen | Copy number | Price effective from | Koha item type |
|---|---|---|---|---|---|---|---|---|---|---|---|---|---|---|
| Library of Congress Classification | South SEED-LPDH College Library | South SEED-LPDH College Library | South SEED-LPDH College Section | 08/10/2013 | PR 2833 .Sh527 2004 | SSLC0686 | 05/15/2018 | 1 | 08/10/2013 | Books |